000 00580nam a2200181 4500
001 138327
003 ES-MaACL
005 20230906195538.0
007 t|
008 070214s1932 sp r ||||1| spa d
100 1 _aSanchís Perpiñá, Vicente.
_9103019
245 1 0 _aNuestras investigaciones sobre el cáncer /
_cV. Sanchís Perpiñá y F. Sanz de Frutos.
260 _aMadrid :
_b[s. n.],
_c1932.
300 _a6 p. ;
_c30 cm.
500 _aTirada aparte de: Los progresos de la clínica, nº 247.
700 1 _aSanz de Frutos, F.
_9103629
852 _aES-MaACL
_j1702-F-17
999 _c138327
_d138327